Analýza využívania štart - stop systému motora v osobných vozidlách

Gespeichert in:
Bibliographische Detailangaben
1. Verfasser: Maliniak, Erich (Verfasst von)
Weitere Verfasser: Petrák, Peter (Betreuung Doktorarbeit)
Format: Manuskript Buch
Sprache:Slowakisch
Veröffentlicht: 2021
Schlagworte:
Online-Zugang:http://is.stuba.sk/zp/portal_zp.pl?podrobnosti=150452
Tags: Tag hinzufügen
Keine Tags, Fügen Sie das erste Tag hinzu!

MARC

LEADER 00000ntm a22000003a 4500
001 stuzp85988
003 SK-STU
005 20210717210735.1
007 ta
008 150427s2015----xo-----f-mn---000-0-slo-d
040 |a STU  |b slo 
041 0 |a slo 
100 1 |a Maliniak, Erich  |u 020030  |4 aut  |U SjF Strojnícka fakulta  |T SjF Ústav dopravnej techniky a konštruovania  |X 98702  |U J0030  |Y 806  |7 98702 
242 0 1 |a Analysis of using the start - stop engine systems in passenger cars  |y eng 
245 1 0 |a Analýza využívania štart - stop systému motora v osobných vozidlách 
260 |c 2021 
650 4 |a spotreba paliva  |2 slo 
650 4 |a štartovanie motora  |2 slo 
650 4 |a emisné normy  |2 slo 
650 4 |a meranie emisií  |2 slo 
650 4 |a emissions standard  |2 eng 
650 4 |a starting the engine  |2 eng 
650 4 |a fuel consumption  |2 eng 
650 4 |a emission measurement  |2 eng 
700 1 |a Petrák, Peter  |u 020030  |k Z1  |4 ths  |U SjF Strojnícka fakulta  |T SjF Ústav dopravnej techniky a konštruovania  |X 2414  |U J0030  |Y 806  |7 A000002414 
856 4 |u http://is.stuba.sk/zp/portal_zp.pl?podrobnosti=150452